[Event "XXIX Open A"]
[Site "Zalakaros HUN"]
[Date "2010.05.28"]
[Round "3"]
[White "Szalanczy,E"]
[Black "Hrbolka,L sr"]
[Result "1-0"]
[WhiteElo "2277"]
[BlackElo "2135"]

1.e4 c5 2.Nf3 d6 3.d4 cxd4 4.Nxd4 Nf6 5.Nc3 a6 6.Be3 e5 7.Nde2 Nc6 8.g3 Ng4
9.Qd2 Nxe3 10.Qxe3 Be7 11.O-O-O O-O 12.Kb1 b5 13.Nd5 Be6 14.f4 Qa5 15.Qc3 Qxc3
16.Nexc3 Bd8 17.f5 Bc8 18.g4 Bb7 19.h4 Rc8 20.g5 Nd4 21.Bd3 f6 22.gxf6 Bxf6
23.h5 h6 24.Rh3 Bg5 25.Rg1 Rf7 26.Rhg3 Kh7 27.a3 Rg8 28.R1g2 Nc6 29.a4 b4
30.Na2 a5 31.Bc4 Rb8 32.Nc1 Rff8 33.Nb3 Rbc8 34.Bd3 Kh8 35.Nb6 Rcd8 36.Nd5 Rc8
37.Rg4 Kh7 38.Ka2 Kh8 39.Nb6 Rcd8 40.Bc4 Ne7 41.Nxa5 Ba8 42.Kb3 d5 43.Nxd5 Nxd5
44.Bxd5 Bxd5+ 45.exd5 Rxd5 46.Nc6 Rxf5 47.Nxb4 Rd7 48.a5 Bd8 49.Nc6  1-0

[Event "NAO"]
[Site "Stillwater USA"]
[Date "2010.05.29"]
[Round "5"]
[White "Fernandez,Jai"]
[Black "Trammell,G"]
[Result "0-1"]
[WhiteElo "2021"]
[BlackElo "2045"]

1.e4 c5 2.Nf3 d6 3.d4 cxd4 4.Nxd4 Nf6 5.Nc3 a6 6.Be3 Ng4 7.Bg5 h6 8.Bh4 g5
9.Bg3 Bg7 10.Qd2 Nc6 11.Nb3 Be6 12.a4 Rc8 13.Be2 Na5 14.O-O Ne5 15.Nxa5 Qxa5
16.Rfb1 Nc4 17.Bxc4 Rxc4 18.Ra3 O-O 19.h4 Rfc8 20.hxg5 Qxg5 21.Bf4 Qg6 22.Nd5 Bxd5
23.Qxd5 Qxe4  0-1

[Event "TCh-CHN"]
[Site "Shenzhan CHN"]
[Date "2010.06.09"]
[Round "6"]
[White "Yu Yangyi"]
[Black "Ji Dan"]
[Result "1-0"]
[WhiteElo "2574"]
[BlackElo "2379"]

1.e4 c5 2.Nf3 d6 3.d4 cxd4 4.Nxd4 Nf6 5.Nc3 a6 6.Be3 e5 7.Nf3 Be6 8.Ng5 Qc7
9.Nxe6 fxe6 10.g3 Nc6 11.Bh3 Nd8 12.Qd3 Be7 13.O-O-O O-O 14.f4 b5 15.Rhf1 exf4
16.gxf4 Rc8 17.Kb1 Kh8 18.Ne2 d5 19.e5 Nd7 20.Nd4 Nc5 21.Qd2 g6 22.Bg4 Qd7
23.Qg2 Qe8 24.h4 Qf7 25.h5 gxh5 26.Bh3 Nc6 27.f5 Nxd4 28.Bxd4 Ne4 29.f6  1-0

[Event "9th TCh-BIH Premier"]
[Site "Bihac BIH"]
[Date "2010.06.11"]
[Round "7"]
[White "Obarcanin,N"]
[Black "Marjanovic,Dej"]
[Result "1/2-1/2"]
[WhiteElo "2061"]
[BlackElo "2043"]

1.e4 c5 2.Nf3 d6 3.d4 cxd4 4.Nxd4 Nf6 5.Nc3 a6 6.Be3 Ng4 7.Bc1 Nf6 8.Be3 e5
9.Nf3 Ng4 10.Bc1 Qb6 11.Qd2 Nf6 12.Qe3 Qc7 13.Bd3 b5 14.O-O Bb7 15.Qe2 Nbd7
16.a3 Nc5 17.Rd1 Be7 18.b4 Nxd3 19.Rxd3 O-O 20.Bg5 Nh5 21.Bxe7 Nf4 22.Qd2 Qxe7
23.Rxd6 Qc7 24.Rd7 Qxc3 25.Qxc3 Ne2+ 26.Kf1 Nxc3 27.Rxb7 Nxe4 28.Nxe5 Rac8
29.Re1 Nd2+ 30.Ke2 Nc4 31.Nxc4 Rxc4 32.Kd2 Rfc8 33.Ree7 Rxc2+ 34.Ke3 Rf8  1/2-1/2

[Event "FSIMB June"]
[Site "Budapest HUN"]
[Date "2010.06.12"]
[Round "8"]
[White "To,N"]
[Black "Farago,S"]
[Result "1/2-1/2"]
[WhiteElo "2413"]
[BlackElo "2268"]

1.e4 c5 2.Nf3 d6 3.d4 cxd4 4.Nxd4 Nf6 5.Nc3 a6 6.Be3 e6 7.f3 Qc7 8.Qd2 b5
9.O-O-O b4 10.Na4 d5 11.b3 Be7 12.exd5 Nxd5 13.Bc4 Nxe3 14.Qxe3 O-O 15.Rhe1 Nc6
16.Nxc6 Qxc6 17.Kb1 Rb8 18.Qe5 Rb7 19.Qa5 Rc7 20.Qb6 Qxb6 21.Nxb6 Bb7 22.Rd3 Rd8
23.Rxd8+ Bxd8 24.Rd1 Be7 25.c3 a5 26.Kc2 g6 27.Nd7 Bd5 28.Bxd5 Rxd7 29.Bc4 Rxd1
30.Kxd1 bxc3 31.Kc2 Bf6 32.a3 Kf8 33.b4 axb4 34.axb4 Ke7 35.f4 e5 36.Kxc3 exf4+
37.Kd3 Be5 38.h3 f5 39.Bd5 h5 40.Bf3 Kd6 41.Bb7 Bf6 42.Bf3 Bd8 43.Ke2 Bb6
44.b5 Ke5 45.Bc6 Bc7 46.Be8 Kf6 47.Kf3 Kg7 48.b6 Bxb6 49.Kxf4 Kf6 50.g4 Bc7+
51.Kf3 hxg4+ 52.hxg4 f4 53.Ba4 Kg5 54.Bc2 Bd6  1/2-1/2

[Event "14th Master Open"]
[Site "Voronezh RUS"]
[Date "2010.06.12"]
[Round "1"]
[White "Ozolin,M"]
[Black "Amonatov,F"]
[Result "1/2-1/2"]
[WhiteElo "2398"]
[BlackElo "2626"]

1.e4 c5 2.Nf3 d6 3.d4 cxd4 4.Nxd4 Nf6 5.Nc3 a6 6.Be3 e5 7.Nb3 Be7 8.Qd2 O-O
9.O-O-O b5 10.f3 Be6 11.Nd5 Bxd5 12.exd5 Qc7 13.g4 Rc8 14.Kb1 Nbd7 15.g5 Nh5
16.Bh3 a5 17.Bxd7 Qxd7 18.Nxa5 f5 19.h4 Ng3 20.Rhg1 f4 21.Bf2 Nf5 22.Nc6 Rc7
23.Rc1 Rb7 24.c4 bxc4 25.Rxc4 Bd8 26.Rb4 g6 27.Rc1 h6 28.Qc3 hxg5 29.hxg5 Bxg5
30.Rg1 Bf6 31.Rg4  1/2-1/2

[Event "14th Master Open"]
[Site "Voronezh RUS"]
[Date "2010.06.13"]
[Round "2"]
[White "Goganov,A"]
[Black "Kokarev,Dm"]
[Result "1/2-1/2"]
[WhiteElo "2485"]
[BlackElo "2612"]

1.e4 c5 2.Nf3 d6 3.d4 cxd4 4.Nxd4 Nf6 5.Nc3 a6 6.Be3 e5 7.Nf3 Be7 8.Bc4 O-O
9.O-O Nc6 10.Qe2 Na5 11.Bd5 Be6 12.Rad1 Qc7 13.Bxe6 fxe6 14.Ng5 Qc8 15.Na4 Nc4
16.b3 b5 17.bxc4 bxa4 18.c5 d5 19.exd5 exd5 20.c4 Qg4 21.f3 Qxc4 22.Qxc4 dxc4
23.Ne4 Rac8 24.Nd6 Rc6 25.Nxc4 Bxc5 26.Bxc5 Rxc5 27.Ne3 Rb8 28.Rd3 Rb2 29.Ra3 Rb4
30.Rd1 Rc6 31.h3 Kf7 32.Rd2 Ke6 33.Kf2 h5 34.Rad3 Rcb6 35.Nc4 Rc6 36.Ne3 a5
37.a3 Rb3  1/2-1/2

[Event "14th Master Open"]
[Site "Voronezh RUS"]
[Date "2010.06.14"]
[Round "3"]
[White "Turutin,A"]
[Black "Popov,Val"]
[Result "0-1"]
[WhiteElo "2380"]
[BlackElo "2592"]

1.e4 c5 2.Nf3 d6 3.d4 cxd4 4.Nxd4 Nf6 5.Nc3 a6 6.Be3 e5 7.Nb3 Be6 8.f3 h5
9.Qd2 Nbd7 10.O-O-O Rc8 11.Be2 b5 12.h3 h4 13.f4 Be7 14.Bf3 b4 15.Nd5 Nxd5
16.exd5 Bf5 17.Nd4  0-1

[Event "14th Master Open"]
[Site "Voronezh RUS"]
[Date "2010.06.16"]
[Round "5"]
[White "Rysbayeva,A"]
[Black "Polonovsky,E"]
[Result "1-0"]
[WhiteElo "2219"]
[BlackElo "2169"]

1.e4 c5 2.Nf3 d6 3.d4 cxd4 4.Nxd4 Nf6 5.Nc3 a6 6.Be3 e5 7.Nf3 Be7 8.Bc4 Qc7
9.Bb3 b5 10.Bg5 b4 11.Nd5 Nxd5 12.Qxd5 Bxg5 13.Nxg5 Ra7 14.O-O-O Qe7 15.Nf3 Be6
16.Qxd6 Qxd6 17.Rxd6 Bxb3 18.axb3 f6 19.Nh4 Kf7 20.Nf5 Rc8 21.Rb6 Kf8 22.Rxb4 Rac7
23.Ne3 Nc6 24.Rc4 Nd4 25.Rd1 a5 26.Rd3 Kf7 27.Kb1 Kg6 28.Rxc7 Rxc7 29.Rc3 Ra7
30.Nd5 h5 31.Rc7 Rxc7 32.Nxc7 Kg5 33.Nd5 h4 34.h3 f5 35.exf5 Kxf5 36.Kc1 Ne6
37.Kd2 Ke4 38.Ne3 Kd4 39.Nf5+ Ke4 40.Nxh4 Nf4 41.f3+ Kd5 42.Nf5 g5 43.Ne3+ Kd4
44.h4 gxh4 45.Nf5+ Kd5 46.Nxh4 Ke6 47.g4 Kf6 48.Nf5 Ne6 49.Ke3 Nc5 50.Nd6 Ne6
51.c3 Nd8 52.Ne4+  1-0

[Event "Open"]
[Site "Eforie Nord ROU"]
[Date "2010.06.19"]
[Round "2"]
[White "Moldovan,D"]
[Black "Postolachi,V"]
[Result "1-0"]
[WhiteElo "2423"]
[BlackElo "2142"]

1.e4 c5 2.Nf3 d6 3.d4 cxd4 4.Nxd4 Nf6 5.Nc3 a6 6.Be3 Ng4 7.Bg5 h6 8.Bh4 g5
9.Bg3 Bg7 10.Be2 h5 11.Bxg4 Bxg4 12.f3 Bd7 13.Bf2 Nc6 14.Qd2 Ne5 15.b3 Rc8
16.Nce2 b5 17.O-O Bf6 18.Be3 Rg8 19.Kh1 e6 20.Rad1 Qc7 21.c3 Ke7 22.Rc1 Rg7
23.f4 Ng4 24.fxg5 Be5 25.Bf4 Qb7 26.h3 Qxe4 27.Ng3 Bxf4 28.Rxf4 Qe3 29.Ngf5+ exf5
30.Re1 Qxe1+ 31.Qxe1+ Ne5 32.Nxf5+ Bxf5 33.Rxf5 Rg6 34.Qd2 Rc6 35.Qd5 Rc7
36.Qa8 Ke6 37.Rf2 Rc6 38.Qe8+ Kd5 39.Rd2+ Ke4 40.Qa8 Kf5 41.Rf2+ Kxg5 42.Rxf7 Rxc3
43.Qd8+ Kh6 44.Rf5 Kh7 45.Qe7+  1-0

[Event "Sveins Minneturnering"]
[Site "Oslo NOR"]
[Date "2010.06.19"]
[Round "3"]
[White "Getz,N"]
[Black "Urkedal,F"]
[Result "1/2-1/2"]
[WhiteElo "2243"]
[BlackElo "2420"]

1.e4 c5 2.Nf3 d6 3.d4 cxd4 4.Nxd4 Nf6 5.Nc3 a6 6.Be3 e6 7.f3 Nc6 8.Qd2 Be7
9.Be2 O-O 10.O-O Bd7 11.a4 Nxd4 12.Bxd4 Qa5 13.Rfd1 Kh8 14.Qe3 Bc6 15.Bb6 Qh5
16.b4 Rfc8 17.b5 Be8 18.bxa6 bxa6 19.a5 Nd7 20.f4 Qh6 21.Bf3 d5 22.Na4 Nxb6
23.axb6 Rab8 24.Kh1 Bxa4 25.Rxa4 Bc5 26.Qd2 Rxb6 27.exd5 exd5 28.Qxd5 Rd6
29.Qe4 Rxd1+ 30.Bxd1 Rd8 31.Be2 Qb6 32.Ra1 a5 33.Bd3 g6 34.f5 Bd4 35.Rf1 Kg7
36.Bc4 Bf6 37.Bb3 Qd4 38.Qc6 Qd7 39.Qa6  1/2-1/2

[Event "14th Master Open"]
[Site "Voronezh RUS"]
[Date "2010.06.19"]
[Round "7"]
[White "Rysbayeva,K"]
[Black "Revo,T"]
[Result "0-1"]
[WhiteElo "2072"]
[BlackElo "1978"]

1.e4 c5 2.Nf3 d6 3.d4 cxd4 4.Nxd4 Nf6 5.Nc3 a6 6.Be3 e6 7.Be2 Be7 8.O-O O-O
9.Kh1 Nc6 10.f4 Qc7 11.Qe1 Nxd4 12.Bxd4 b5 13.a3 Bb7 14.Qg3 g6 15.Bf3 Nd7
16.f5 Bf6 17.Rad1 Ne5 18.Be2 Rad8 19.Qf2 Nd7 20.Bxf6 Nxf6 21.Bf3 Ba8 22.Qh4 Kg7
23.Ne2 exf5 24.exf5 Bxf3 25.Rxf3 Qxc2 26.Nc3 d5 27.Rdf1 Rd6 28.fxg6 fxg6
29.Nxd5 Qxb2 30.Ne3 Qe5 31.Ng4 Qh5 32.Qg3 Rc6 33.Ne5 Ne4 34.Qe1 Rxf3 35.Nxf3 Qd5
36.Qh4 Re6 37.Qf4 Rf6 38.Qc7+ Rf7 39.Qc8 Qd3 40.Qc1 Nc3 41.Qa1 Kg8 42.Qe1 Ne4
43.Qc1 Rc7 44.Qe1 Rc2 45.Ng5 Qe2 46.Qxe2 Rxe2 47.Nh3 Ra2 48.Rf3 Ra1+ 49.Ng1 Rxa3  0-1

[Event "ch-PAR"]
[Site "Asuncion URU"]
[Date "2010.06.20"]
[Round "6"]
[White "Ibanez,J"]
[Black "Gutierrez,Sa"]
[Result "1-0"]
[WhiteElo "1978"]
[BlackElo "1810"]

1.e4 c5 2.Nc3 d6 3.Nf3 Nf6 4.d4 cxd4 5.Nxd4 a6 6.Be3 e5 7.Nb3 Be6 8.f3 Nbd7
9.g4 Be7 10.Qd2 b5 11.g5 Nh5 12.O-O-O O-O 13.Kb1 f5 14.gxf6 Nhxf6 15.Rg1 Bf7
16.Bh3 Qc7 17.Bg5 b4 18.Nd5 Nxd5 19.exd5 Bxg5 20.Qxg5 Bg6 21.Rd2 Nc5 22.Nxc5 Qxc5
23.Be6+ Kh8 24.Rg3 Ra7  1-0

[Event "Open"]
[Site "Eforie Nord ROU"]
[Date "2010.06.20"]
[Round "4"]
[White "Soltanici,R"]
[Black "Dziuba,M"]
[Result "1/2-1/2"]
[WhiteElo "2412"]
[BlackElo "2576"]

1.e4 c5 2.Nf3 d6 3.d4 cxd4 4.Nxd4 Nf6 5.Nc3 a6 6.Be3 e5 7.Nf3 Be7 8.Bc4 O-O
9.O-O Nc6 10.Bg5 Be6 11.Bb3 Nd7 12.Bxe7 Qxe7 13.Nd5 Bxd5 14.Bxd5 Nf6 15.Re1 Rac8
16.c3 Nd8 17.Qd2 Ne6 18.Rad1 Nxd5 19.Qxd5 Rc6 20.g3 g6 21.Rd2 Nc5 22.Nh4 Nd7
23.Qb3 Nb6 24.Ng2 Nc4 25.Rdd1 Rfc8 26.Ne3 Rf8  1/2-1/2

[Event "Sveins Minneturnering"]
[Site "Oslo NOR"]
[Date "2010.06.20"]
[Round "5"]
[White "Getz,N"]
[Black "Tari,A"]
[Result "1-0"]
[WhiteElo "2243"]
[BlackElo "1997"]

1.e4 c5 2.Nf3 d6 3.d4 cxd4 4.Nxd4 Nf6 5.Nc3 a6 6.Be3 e5 7.Nb3 Be6 8.Qd2 Be7
9.O-O-O Ng4 10.g3 Nxe3 11.Qxe3 Nd7 12.f4 b5 13.Kb1 Qb6 14.Qf3 Nf6 15.f5 Bc4
16.Nd2 Bxf1 17.Nxf1 b4 18.Nd5 Nxd5 19.Rxd5 O-O 20.Ne3 a5 21.Rd3 f6 22.Nd5 Qb7
23.h4 Rac8 24.g4 h6 25.Rd2 a4 26.Rg2 Bd8 27.g5 fxg5 28.hxg5 Bxg5 29.Rxg5 hxg5
30.Qh5 b3 31.Qh7+ Kf7 32.Qg6+ Kg8 33.f6  1-0

[Event "14th Master Open"]
[Site "Voronezh RUS"]
[Date "2010.06.20"]
[Round "8"]
[White "Severiukhina,Z"]
[Black "Oleksienko,M"]
[Result "0-1"]
[WhiteElo "2321"]
[BlackElo "2543"]

1.e4 c5 2.Nf3 d6 3.d4 cxd4 4.Nxd4 Nf6 5.Nc3 a6 6.Be3 Nc6 7.f3 e6 8.Qd2 Be7
9.O-O-O O-O 10.g4 Nd7 11.h4 Nxd4 12.Bxd4 b5 13.Kb1 b4 14.Na4 a5 15.Bb5 Rb8
16.Qe2 Qc7 17.b3 Qb7 18.Bc4 Ne5 19.Bxe5 dxe5 20.Nb2 Bc5 21.f4 exf4 22.Nd3 Be3
23.Rhf1 Qe7 24.e5 Qxh4 25.Nxf4 Bxf4 26.Rxf4 Qg5 27.Rf2 Rd8 28.Rxd8+ Qxd8
29.Bd3 Bb7 30.Qf1 Qc7 31.Qh3 h6 32.Qh5 Rf8 33.Qh2 Qe7 34.Qf4 Bd5 35.Rh2 f6
36.Qe3 fxe5 37.g5 Qxg5 38.Bh7+ Kh8 39.Qxg5 hxg5 40.Bg6+ Kg8 41.Bh7+ Kf7 42.Kc1 g4  0-1

[Event "Open"]
[Site "Eforie Nord ROU"]
[Date "2010.06.21"]
[Round "5"]
[White "Vocaturo,D"]
[Black "Gajewski,G"]
[Result "1-0"]
[WhiteElo "2493"]
[BlackElo "2572"]

1.e4 c5 2.Nf3 d6 3.d4 cxd4 4.Nxd4 Nf6 5.Nc3 a6 6.Be3 e5 7.Nb3 Be7 8.f3 O-O
9.Qd2 Be6 10.O-O-O a5 11.Bb5 Na6 12.Qe2 Qb8 13.g4 Rc8 14.g5 Ne8 15.f4 exf4
16.Bxf4 Nec7 17.Bxa6 Bxb3 18.axb3 Rxa6 19.Rd3 Ne6 20.Qg4 Qc7 21.Kb1 a4 22.b4 a3
23.b3 g6 24.Rc1 Bf8 25.Nd5 a2+ 26.Ka1 Bg7+ 27.c3 Qd8 28.h4 Rac6 29.Bd2 Nd4
30.Qd1 Nb5 31.Qf1 Qe8 32.Re3 Ra6 33.h5 Nc7 34.h6 Bh8 35.Nf6+ Bxf6 36.Qxf6 Qe5
37.Qxe5 dxe5 38.Rd3 Ne8 39.Be3 Rd6 40.Rcd1 Rcd8 41.Rd5 Rxd5 42.exd5 f5 43.gxf6 Nxf6
44.c4 Ne4 45.Re1 Ra8 46.c5 Nc3 47.d6 Kf7 48.Bd2 Nb1 49.Bc1 Ke6 50.Bf4 Kd7
51.Rxe5 Re8 52.Rxe8 Kxe8 53.b5 Na3 54.c6 bxc6 55.b6 Kd7 56.b7 Nc2+ 57.Kxa2 Nb4+
58.Kb2 Na6 59.Kc3  1-0

[Event "14th Master Open"]
[Site "Voronezh RUS"]
[Date "2010.06.21"]
[Round "9"]
[White "Bukavshin,I"]
[Black "Pasiev,R"]
[Result "0-1"]
[WhiteElo "2435"]
[BlackElo "2275"]

1.e4 c5 2.Nf3 d6 3.d4 cxd4 4.Nxd4 Nf6 5.Nc3 a6 6.Be3 e5 7.Nb3 Be7 8.f3 O-O
9.Qd2 Be6 10.O-O-O Nbd7 11.g4 b5 12.g5 b4 13.Ne2 Ne8 14.f4 a5 15.f5 a4 16.Nbd4 exd4
17.Nxd4 b3 18.Kb1 bxc2+ 19.Nxc2 Bb3 20.axb3 axb3 21.Na3 Ne5 22.h4 Ra4 23.Qg2 Qa8
24.f6 Bd8 25.Bd4 Nc7 26.fxg7 Kxg7 27.h5 Ne6 28.g6 Rxd4 29.Rxd4 Nxd4 30.h6+ Kf6
31.g7 Rg8 32.Qf2+ Ndf3 33.Bg2 Qxe4+ 34.Ka1 Ke6 35.Rf1 Bg5 36.Bxf3 Qxf3 37.Qxf3 Nxf3
38.Rxf3 Bxh6 39.Rxb3 Rxg7 40.Nc4 Bf4 41.Rf3 Rg4  0-1

[Event "14th Master Open"]
[Site "Voronezh RUS"]
[Date "2010.06.21"]
[Round "9"]
[White "Ozolin,M"]
[Black "Gubaydulin, Talgat"]
[Result "0-1"]
[WhiteElo "2398"]
[BlackElo "2298"]

1.e4 c5 2.Nf3 d6 3.d4 cxd4 4.Nxd4 Nf6 5.Nc3 a6 6.Be3 e6 7.f3 b5 8.Qd2 Nbd7
9.g4 Nb6 10.g5 Nfd7 11.a4 Nc4 12.Bxc4 bxc4 13.a5 Bb7 14.h4 Rc8 15.h5 Nc5
16.Qg2 Be7 17.Ke2 Qd7 18.Qg4 f6 19.g6 h6 20.Rhc1 O-O 21.Qh3 f5 22.b4 cxb3
23.cxb3 Bf6 24.Rab1 Bxd4 25.Bxd4 fxe4 26.fxe4 Nxe4 27.Nxe4 Bxe4 28.Rxc8 Qxc8
29.Rc1 Qd7 30.Kd2 Qe7 31.Rc7 Qxc7 32.Qxe6+ Kh8 33.Qxe4 Qxa5+ 34.Bc3 Qg5+  0-1

[Event "Open"]
[Site "Eforie Nord ROU"]
[Date "2010.06.22"]
[Round "6"]
[White "Caspi,I"]
[Black "Dziuba,M"]
[Result "1-0"]
[WhiteElo "2438"]
[BlackElo "2576"]

1.e4 c5 2.Nf3 d6 3.d4 cxd4 4.Nxd4 Nf6 5.Nc3 a6 6.Be3 e5 7.Nb3 Be7 8.f3 Be6
9.Qd2 O-O 10.O-O-O a5 11.a4 Nc6 12.Kb1 Nb4 13.g4 Rc8 14.g5 Nd7 15.f4 exf4
16.Bxf4 Ne5 17.Be2 Nc4 18.Bxc4 Rxc4 19.Bxd6 Bxd6 20.Qxd6 Qxg5 21.Rhg1 Qh5
22.Nd4 Rcc8 23.Nxe6 fxe6 24.Qxe6+ Kh8 25.Rd7 Qxh2 26.Rdxg7 Rce8 27.Rg8+  1-0

[Event "Sveins Minneturnering"]
[Site "Oslo NOR"]
[Date "2010.06.22"]
[Round "9"]
[White "Omtvedt,P"]
[Black "Nomat,E"]
[Result "1/2-1/2"]
[WhiteElo "2123"]
[BlackElo "1808"]

1.e4 c5 2.Nf3 d6 3.d4 cxd4 4.Nxd4 Nf6 5.Nc3 a6 6.Be3 Nc6 7.Be2 e6 8.a4 e5
9.Nb3 b6 10.O-O Bb7 11.f3 Rc8 12.Qd2 Nb4 13.Rac1 d5 14.exd5 Nbxd5 15.Nxd5 Nxd5
16.Bf2 Qc7 17.Bd3 Be7 18.Be4 Rd8 19.Qe2 O-O 20.Rfe1 Bg5 21.Bxd5 Rxd5  1/2-1/2

[Event "Scheveningen"]
[Site "Kefar Sava ISR"]
[Date "2010.06.24"]
[Round "5"]
[White "Beker,C"]
[Black "Shnaider,D"]
[Result "1/2-1/2"]
[WhiteElo "1849"]
[BlackElo "2247"]

1.e4 c5 2.Nf3 a6 3.d4 cxd4 4.Nxd4 Nf6 5.Nc3 d6 6.Be3 Ng4 7.Qd2 Nxe3 8.Qxe3 e6
9.Be2 Be7 10.O-O O-O 11.Rad1 Qc7 12.f4 Nc6 13.Nb3 b5 14.Bf3 b4 15.Ne2 e5
16.f5 a5 17.c3 Ba6 18.Nbc1 Rab8 19.Rfe1 h6 20.b3 Bg5 21.Qf2 bxc3 22.Nxc3 Nb4
23.Nd5 Nxd5 24.exd5 Rfc8 25.h4 Bxc1 26.Rxc1 Qxc1 27.Rxc1 Rxc1+ 28.Kh2 Rc5
29.f6 Bd3 30.fxg7 Kxg7 31.Qg3+ Kf6 32.h5 Ke7 33.Qh4+ f6 34.Qg3 Rf8 35.Qg4 f5
36.Qg7+ Rf7 37.Qxh6 Rf6 38.Qg7+ Rf7 39.Qg5+ Kd7 40.Qg6 Re7 41.h6 Rc8 42.Bg4 fxg4
43.Qxd3 e4 44.Qb5+ Kd8 45.Qb6+ Kd7 46.Qb5+ Kd8 47.Kg3 e3 48.h7 Rxh7 49.Qb6+ Kd7
50.Qxe3 Re7 51.Qa7+ Rc7 52.Qxa5 Re4 53.Qd2 Rb7 54.Qh6 Rbb4 55.Qg7+ Kd8 56.Qf6+ Kd7
57.Qc3 Rbd4 58.Qc6+ Ke7 59.Qc7+ Ke8 60.Qxd6 Rd3+ 61.Kh4 Red4 62.Qe6+ Kd8
63.Qg6 Kc7 64.Qf7+ Kd8 65.Qf6+ Ke8 66.Qe6+ Kd8 67.g3 Rxd5 68.Kxg4 R3d4+ 69.Kh3 Rd6
70.Qg8+ Kc7 71.Qh7+ Kb6 72.Qe7 Rh6+ 73.Kg2 Rhd6 74.Qe3 Kb5 75.Qe5+ Kb4 76.Qe1+ Rd2+
77.Kh3 Ka3 78.g4 Kxa2 79.g5 Kxb3 80.Kh4  1/2-1/2

[Event "King's Gambit B"]
[Site "Lipetsk RUS"]
[Date "2010.06.27"]
[Round "5"]
[White "Rysbayeva,A"]
[Black "Nikitin,Y2"]
[Result "1-0"]
[WhiteElo "2219"]
[BlackElo "2283"]

1.e4 c5 2.Nf3 d6 3.d4 cxd4 4.Nxd4 Nf6 5.Nc3 a6 6.Be3 e6 7.Be2 Be7 8.O-O O-O
9.f4 Qc7 10.Kh1 Nc6 11.Qe1 b5 12.Nxc6 Qxc6 13.Bf3 Nd7 14.Qg3 Re8 15.e5 d5
16.f5 Bf8 17.fxe6 fxe6 18.Bh5 Bb7 19.Bxe8 Rxe8 20.Rf2 b4 21.Ne2 Qxc2 22.Qf4 Qf5
23.Bd4 g6 24.Qc1 Qe4 25.Qc7 Bc8 26.Rd1 Bg7 27.Ng3 Qg4 28.Qc1 Bh6 29.Qc2 Bb7
30.Qe2 Qxe2 31.Rxe2 Rc8 32.Nf1 a5 33.Ne3 Ba6 34.Ree1 Bf4 35.Kg1 h5 36.g3 Bxe5
37.Bxe5 Nxe5 38.Nxd5 Nf3+ 39.Kf2 Nxe1 40.Ne7+ Kf7 41.Nxc8 Nd3+ 42.Ke3 Nxb2
43.Nd6+ Ke7 44.Rd2 Nc4+ 45.Nxc4 Bxc4 46.Kd4 Bd5 47.Kc5 b3 48.a4 Be4 49.Kc4 Bc2
50.Kc3 Kf6 51.Rd6 Kf5 52.Ra6 Kg4 53.Rxa5 Kh3 54.Rg5 Kxh2 55.a5 Kh3 56.a6 Be4
57.a7  1-0

[Event "King's Gambit A"]
[Site "Lipetsk RUS"]
[Date "2010.06.27"]
[Round "5"]
[White "Kargin,A"]
[Black "Romanko,M"]
[Result "1-0"]
[WhiteElo "2392"]
[BlackElo "2411"]

1.e4 c5 2.Nf3 d6 3.d4 cxd4 4.Nxd4 Nf6 5.Nc3 a6 6.Be3 e5 7.Nf3 Be7 8.Bc4 Be6
9.Bxe6 fxe6 10.Ng5 Qd7 11.Qf3 h6 12.Qh3 Rg8 13.Nxe6 Nc6 14.Nd5 Kf7 15.Nxf6 Bxf6
16.Ng5+ Ke7 17.Qxd7+ Kxd7 18.Nf3 Nb4 19.O-O-O Nxa2+ 20.Kb1 Nb4 21.Bc5 Nc6
22.Rxd6+ Kc7 23.Rhd1 Rad8 24.R6d5 Rge8 25.c4 Re6 26.b3 h5 27.Ba3 g5 28.h3 g4
29.hxg4 hxg4 30.Nh2 Rg8 31.R1d3 Bh4 32.Bc5 g3 33.fxg3 Bxg3 34.Nf1 Be1 35.Rd7+ Kc8
36.Bb6 Ba5 37.Rc7+ Kb8 38.Rxc6 Rxc6 39.Bxa5 Rxg2 40.Ne3 Re2 41.Bc3 Rh6 42.Bxe5+ Kc8
43.Bd4 Rh1+ 44.Nd1 Rxe4 45.Bb6 Re8 46.Kb2 Rh6 47.c5 Rh7 48.Nc3 Rd7 49.Rh3 Rd2+
50.Ka3 Kd7 51.Rh7+ Re7 52.Rh8 Re8 53.Rxe8 Kxe8 54.Ne4 Rh2 55.Nd6+ Kd7 56.Nxb7 Kc6
57.Nd8+ Kb5 58.Ne6 a5 59.Nd4+ Ka6 60.Nc6 Rg2 61.Nxa5 Rg4 62.Nc4 Kb5 63.Nd6+ Ka6
64.Bd8  1-0

[Event "5th Open"]
[Site "Wroclaw POL"]
[Date "2010.06.30"]
[Round "7"]
[White "Sabuk,P"]
[Black "Zawadzka,J"]
[Result "1/2-1/2"]
[WhiteElo "2193"]
[BlackElo "2415"]

1.e4 c5 2.Nf3 d6 3.d4 cxd4 4.Nxd4 Nf6 5.Nc3 a6 6.Be3 e5 7.Nde2 Be7 8.Ng3 Be6
9.Nh5 Nxh5 10.Qxh5 Nd7 11.a4 Nf6 12.Qf3 Rc8 13.Bd3 O-O 14.O-O Qd7 15.Bg5 Ne8
16.Bxe7 Qxe7 17.Rfd1 Nf6 18.Be2 Qc7 19.Qe3 Rfd8 20.Rd3 Qa5 21.Rad1 Qb4 22.b3 Rc6
23.Bf3 h6 24.R1d2 b5 25.axb5 axb5 26.Na2 Qa5 27.c4 bxc4 28.bxc4 Rxc4 29.Nc3 Qb4
30.h3 Ra8 31.Kh2 Rc6 32.Nd1 Ra2 33.Rxa2 Bxa2 34.Qa7 Rc2 35.Ne3 Rb2 36.Nf5 d5
37.exd5 Qf4+ 38.Ng3 h5 39.Qe3 Qxe3 40.Rxe3 h4 41.Nf5 g6 42.Nxh4 Rb4 43.g4 e4
44.Bg2 Bxd5  1/2-1/2

[Event "1st Open"]
[Site "Marrakesh MAR"]
[Date "2010.07.01"]
[Round "8"]
[White "Tissir,M"]
[Black "Degondo,Simplice Armel"]
[Result "1-0"]
[WhiteElo "2474"]
[BlackElo "2075"]

1.e4 c5 2.Nf3 d6 3.d4 cxd4 4.Nxd4 Nf6 5.Nc3 a6 6.Be3 e5 7.Nf3 Be7 8.h3 Qc7
9.a4 Nc6 10.Be2 Na5 11.O-O Nc4 12.Bc1 O-O 13.Qd3 Be6 14.b3 Nb6 15.a5 Nbd7
16.Bb2 Qc6 17.Qe3 Rfe8 18.Rfd1 Rad8 19.Ng5 d5 20.Nxe6 fxe6 21.exd5 exd5 22.Nxd5 Nxd5
23.Rxd5 Qxc2 24.Rd2 Qc7 25.b4 Kh8 26.Rc1 Qb8 27.Rcd1 Nf6 28.Bxe5 Rxd2 29.Bxb8 Bxb4
30.Be5 Rxd1+ 31.Bxd1 Bxa5 32.Qd4 Bd8 33.Bc2 b5 34.g4 h6 35.h4 Bb6 36.Qxb6 Rxe5
37.Bg6 Ng8 38.Qd8 Re7 39.f4 b4 40.Qb6 a5 41.Bc2 Re1+ 42.Kf2 Rc1 43.Qg6 Nf6
44.g5 hxg5 45.hxg5 b3 46.Bxb3 Ng4+ 47.Ke2 Rc3 48.Qh5+ Nh6 49.Qe8+  1-0

[Event "ch-Paris Int"]
[Site "Paris FRA"]
[Date "2010.07.05"]
[Round "3"]
[White "Lagarde,Max"]
[Black "Le Quang,K"]
[Result "1-0"]
[WhiteElo "2414"]
[BlackElo "2314"]

1.e4 c5 2.Nf3 d6 3.d4 cxd4 4.Nxd4 Nf6 5.Nc3 a6 6.Be3 e5 7.Nf3 Be7 8.Bc4 O-O
9.O-O Be6 10.Bb3 b5 11.Qe2 h6 12.Rfd1 Nbd7 13.a3 Qc7 14.Ne1 Qb7 15.f3 Rfc8
16.Nd3 a5 17.Nf2 Rab8 18.Nd3 Ra8 19.Nf2 Rab8 20.Qd2 Bf8 21.Nd3 Rd8 22.Kh1 Rbc8
23.Qe1 b4 24.axb4 Bxb3 25.cxb3 axb4 26.Ra7 Qb8 27.Nd5 Nxd5 28.exd5 Nb6 29.Ra5 Rc7
30.Nxb4 Rdc8 31.Na6 Qb7 32.Nxc7 Qxc7 33.Rc1  1-0

[Event "ch-Paris Int"]
[Site "Paris FRA"]
[Date "2010.07.08"]
[Round "6"]
[White "Gharamian,T"]
[Black "Adhiban,B"]
[Result "1-0"]
[WhiteElo "2650"]
[BlackElo "2483"]

1.e4 c5 2.Nf3 d6 3.d4 cxd4 4.Nxd4 Nf6 5.Nc3 a6 6.Be3 Ng4 7.Bg5 h6 8.Bh4 g5
9.Bg3 Bg7 10.h3 Nf6 11.Qf3 Qb6 12.O-O-O Nc6 13.Nxc6 Qxc6 14.Be2 Qc5 15.Rhe1 O-O
16.Bd3 g4 17.Qe2 Qg5+ 18.Kb1 Nh5 19.Bh2 Bxc3 20.bxc3 Nf4 21.Bxf4 Qxf4 22.hxg4 Bxg4
23.f3 Be6 24.g3 Qf6 25.f4 Qxc3 26.f5 Qb4+ 27.Kc1 Qa3+ 28.Kd2 Qa5+ 29.Ke3 Qc5+
30.Kf3 Bd7 31.Kg2 Qe5 32.Rh1 Qf6 33.Rh4 Kg7 34.Qg4+ Kh7 35.Rdh1 Rh8 36.e5 Bc6+
37.Kf2 dxe5 38.Rxh6+ Qxh6 39.f6+  1-0

[Event "ZDMI Open"]
[Site "Dresden GER"]
[Date "2010.07.10"]
[Round "1"]
[White "Peil,C"]
[Black "Zherebukh,Y"]
[Result "0-1"]
[WhiteElo "1880"]
[BlackElo "2572"]

1.e4 c5 2.Nf3 d6 3.d4 cxd4 4.Nxd4 Nf6 5.Nc3 a6 6.Be3 e5 7.Nb3 Be6 8.Qd2 Nbd7
9.f4 b5 10.f5 Bc4 11.a3 Be7 12.Be2 Rc8 13.Bf3 O-O 14.g4 d5 15.Nxd5 Nxd5 16.exd5 Bh4+
17.Bf2 e4 18.Be2 e3  0-1

[Event "ch-NOR"]
[Site "Fredrikstad NOR"]
[Date "2010.07.10"]
[Round "9"]
[White "Urkedal,F"]
[Black "Forsaa,E"]
[Result "1-0"]
[WhiteElo "2414"]
[BlackElo "2299"]

1.e4 c5 2.Nf3 d6 3.d4 cxd4 4.Nxd4 Nf6 5.Nc3 a6 6.Be3 Ng4 7.Bc1 Nf6 8.Be3 e5
9.Nb3 Be6 10.Qd2 Be7 11.O-O-O O-O 12.f4 Nbd7 13.Kb1 Qc7 14.h3 Rac8 15.g4 exf4
16.Bxf4 Ne5 17.Nd4 Rfe8 18.Nf5 Bxf5 19.exf5 Nc4 20.Bxc4 Qxc4 21.Qd4 d5 22.Be5 Bc5
23.Qxc4 dxc4 24.Rhe1 Rcd8 25.Rxd8 Rxd8 26.Bxf6 gxf6 27.Ne4 Be7 28.b3 Kg7
29.bxc4 Rc8 30.Ng3 Kf8 31.Re4 b5 32.cxb5 axb5 33.Ne2 Bd6 34.c3 Be5 35.Kc2 Ke7
36.Rb4 Rc5 37.Nd4 Kd7 38.Nxb5  1-0

[Event "1st Open"]
[Site "Vaujany FRA"]
[Date "2010.07.10"]
[Round "1"]
[White "Lobzhanidze,D"]
[Black "Koelmans,J"]
[Result "1-0"]
[WhiteElo "2513"]
[BlackElo "2034"]

1.e4 c5 2.Nf3 d6 3.d4 cxd4 4.Nxd4 Nf6 5.Nc3 a6 6.Be3 Ng4 7.Bc1 Nf6 8.Be2 e6
9.O-O Be7 10.f4 O-O 11.Be3 Nc6 12.Kh1 Qc7 13.Qe1 Nxd4 14.Bxd4 b5 15.a3 Bb7
16.Qg3 Rac8 17.Rae1 Qb8 18.Bd3 Nh5 19.Qh3 g6 20.f5 e5 21.Be3 Bf6 22.Rf2 a5
23.Ref1 b4 24.axb4 axb4 25.Nd5 Bxd5 26.exd5 Kg7 27.fxg6 fxg6 28.Bh6+ Kxh6
29.g4 Kg7 30.gxh5 Qb7 31.h6+  1-0

[Event "Int ch-SVK OpenA"]
[Site "Banska Stiavnica SVK"]
[Date "2010.07.11"]
[Round "2"]
[White "Mrvova,A"]
[Black "Edes,Z"]
[Result "1-0"]
[WhiteElo "2262"]
[BlackElo "2097"]

1.e4 c5 2.Nf3 d6 3.d4 cxd4 4.Nxd4 Nf6 5.Nc3 a6 6.Be3 e6 7.g3 b5 8.Bg2 Bb7
9.a3 Nbd7 10.O-O Nc5 11.f3 Qc7 12.Bf2 d5 13.exd5 Nxd5 14.Nxd5 Bxd5 15.Re1 Rd8
16.Qe2 Be7 17.b3 Nb7 18.a4 Bb4 19.axb5 Bxe1 20.Rxe1 axb5 21.Qxb5+ Rd7 22.c4 Nd6
23.Qxd5 O-O 24.Qh5 g6 25.Qe5  1-0